| 000 | 00676nam a22002414a 4500 | ||
|---|---|---|---|
| 001 | BIBLIOTECA MUNICIPAL DE BARRANCO | ||
| 007 | ta | ||
| 008 | t pe gr 00| 0 spa d | ||
| 017 | _a2012-051149 | ||
| 020 | _a978-612-45641-0-9 | ||
| 040 | _aBIBLIOTECA MUNICIPAL DE BARRANCO | ||
| 041 | _aspa | ||
| 043 | _cpe | ||
| 082 |
_a869.568 _bV18H 2012 |
||
| 100 | _aValdelomar, Abraham | ||
| 245 |
_aEl hombre maldito : y otros cuuentos _cAbraham Valdelomar |
||
| 250 | _a1a ed. | ||
| 260 |
_aLima : _bEditorial arsam, _c2012 |
||
| 300 |
_a143 p. : _c21 cm. |
||
| 490 | _aJuvenilia | ||
| 650 | 0 |
_94118 _aLiteratura peruana |
|
| 942 |
_cBK _e2025-06-02 _zGHÑ |
||
| 999 |
_c10879 _d10879 |
||